000 017430000a22003130004500
003 EG-GICUC
005 20250223032127.0
008 061016s2006 ua d f m 000 0 eng d
040 _aEG-GICUC
_beng
_cEG-GICUC
041 0 _aEng
049 _aDeposite
097 _aM.Sc
099 _aCai01.12.02.M.Sc.2006.Mo.C.
100 0 _aMohammed Aref Marwan Kyyaly
245 1 0 _aCloning , overexpression , and characterization of human lung mast cell carboxypeptidase a in the yeast saccharomyces cerevisiae /
_cMohammed Aref Marwan Kyyaly ; Supervised Sayed Kamel Goda
246 1 5 _aاستنساخ والتعبير عن ودراسة انزيم الكربوكسى ببتيديز من خلايا الرئة البشرية الجذعية فى خميرة الخبز
260 _aCairo :
_bMohammed Aref Marwan Kyyaly ,
_c2006
300 _a89P :
_bdiagrs ;
_c30cm
502 _aThesis (M.Sc.) - Cairo University - Faculty Of Science - Department Of Biochemistry
520 _aHuman skin and lung mast cells contain a carboxypeptidase in their secretory granulesThe biological function of carboxypeptidase A , CPA is uncertain but previous studies suggested that CPA could be involved in the metabolism of leukotrienesThe aim of this study was to clone the gene encoding the human mast cell carboxypeptidase A (hMC - CPA) in yeastThe results showed that the gene was expressed in Ecoli when cloned into the expression vector of Ecoli , pET28a
530 _aIssued also as CD
653 4 _aCloning in yeast
653 4 _aHuman lung mast cell carboxypeptidase
700 0 _aSayed Kamel Goda ,
_eSupervisor
856 _uhttp://172.23.153.220/th.pdf
905 _aMustafa
_eRevisor
905 _aSamia
_eCataloger
942 _2ddc
_cTH
999 _c68889
_d68889